000 02243nam a2200565 c 4500
001 53183
003 ES-MaCES
005 20251115040005.0
007 cr |||||||||||
008 240513s2023 sp r 000 ||spa d
017 _aNA 2519-2023
_bDL
020 _a9788411636933
020 _a9788411636957 (electrónico)
040 _aES-MaCES
_bspa
_cES-MaCES
041 0 _aspa
_apor
111 2 _941058
_a Seminario Luso Español de Relaciones Laborales y Desarrollo Social
_n
_d2023
_cMálaga
245 1 0 _aTrabajo decente en la nueva sociedad digital
_b= Trabalho digno na nova sociedade digital
_cFrancisco Lozano Lares (dir.) ; María Fátima Poyatos Chacón (coord.) ; [obra de ámbito internacional colectiva, resultado del I Seminario Luso eEspañol de Relaciones Laborales y Desarrollo Social celebrado en la Facultad de Estudios Sociales y del Trabajo de la Universidad de Málaga]
250 _a1ª ed
260 _aCizur Menor (Navarra)
_bAranzadi
_c2023
300 _a348p.
_c24 cm
490 1 _aEstudios
500 _aPublicación en formato DÚO (papel + libro ectrónico)
500 _aTextos en español y portugués
504 _aBibliografía
541 _cCompra
650 0 4 _anuevas tecnologías
_930788
650 0 4 _atecnología de la información
_930104
650 0 4 _acambio tecnológico
_928236
650 0 4 _acambio social
_927286
650 0 4 _aeconomía colaborativa
_937923
650 0 4 _aevaluación del impacto
_930732
650 0 4 _acondiciones de empleo
_930040
650 0 4 _ateletrabajo
_929568
650 0 4 _aseguridad en el trabajo
_928348
650 0 4 _asalud en el trabajo
_928347
650 0 4 _arelaciones laborales
_928369
650 0 4 _anegociación colectiva
_928362
650 0 4 _aprotección social
_929076
650 0 4 _afuturo del trabajo
_930756
650 0 4 _aEspaña
_926964
650 0 4 _aPortugal
_926960
650 4 _aconferencia
_927013
653 1 0 _aRelaciones laborales-Empleo
700 1 _936960
_aLozano Lares, Francisco
_edir.
700 1 _941057
_aPoyatos Chacón, María Fátima
_ecol.
830 0 _aEstudios (Aranzadi)
_940884
856 4 _uhttps://miespacio.aranzadilaley.es/Account/Login
_yARANZADI
902 _aLIB Libro
942 _2CES
_cBK
_h2.0.
999 _c53183
_d53183